| 000 | 00375 a2200157 4500 | ||
|---|---|---|---|
| 001 | 72332 | ||
| 020 | _a852670351X | ||
| 040 | _cAnchieta - Colégio São Paulo | ||
| 100 | _aSérafini, Dominique | ||
| 240 | 1 | 0 |
_aO mistério da Atlântida _lpor |
| 245 | 1 | 0 | _aO mistério da Atlântida |
| 300 | _a48 | ||
| 362 | 0 | _a1991 | |
| 650 | 4 | _aLiteratura infanto-juvenil | |
| 942 | _cBK | ||
| 999 |
_c72332 _d72332 |
||